Racionalidad evolutiva / (Record no. 144728)

MARC details
000 -LEADER
campo de control de longitud fija 00810nam a2200229 4500
001 - NÚMERO DE CONTROL
campo de control 144728
003 - IDENTIFICADOR DE NÚMERO DE CONTROL
campo de control ES-MaACL
005 - FECHA Y HORA DE LA ÚLTIMA TRANSACCIÓN
campo de control 20230906201102.0
007 - CAMPO FIJO DE DESCRIPCIÓN FÍSICA--INFORMACIÓN GENERAL
campo de control de longitud fija t|
008 - DATOS DE LONGITUD FIJA--INFORMACIÓN GENERAL
campo de control de longitud fija 070214s1979 sp r ||||1| spa d
100 1# - ENTRADA PRINCIPAL--NOMBRE DE PERSONA
Nombre de persona Skolimowski, Henryk.
9 (RLIN) 106753
245 10 - MENCIÓN DEL TÍTULO
Título Racionalidad evolutiva /
Mención de responsabilidad, etc. Henryk Skolimowski ; versión... de Carmen García Trevijano y Francisco Soto Pinazo.
260 ## - PUBLICACIÓN, DISTRIBUCIÓN, ETC.
Lugar de publicación, distribución, etc. Valencia :
Nombre del editor, distribuidor, etc. Universidad, Departamento de Lógica,
Fecha de publicación, distribución, etc. 1979 (
Fabricante Soler)
300 ## - DESCRIPCIÓN FÍSICA
Extensión 50 p. ;
Dimensiones 19 cm.
490 1# - MENCIÓN DE SERIE
Mención de serie Cuadernos Teorema
700 1# - ENTRADA AGREGADA--NOMBRE PERSONAL
Nombre de persona García Trevijano, Carmen.
9 (RLIN) 55342
700 1# - ENTRADA AGREGADA--NOMBRE PERSONAL
Nombre de persona Soto Pinazo, Francisco.
9 (RLIN) 107524
710 2# - ENTRADA AGREGADA--NOMBRE DE ENTIDAD CORPORATIVA
Nombre de entidad corporativa o nombre de jurisdicción como elemento de entrada Universidad de Valencia.
Unidad subordinada Departamento de Lógica.
9 (RLIN) 7322
830 0# - PUNTO DE ACCESO ADICIONAL DE SERIE-TÍTULO UNIFORME
Título uniforme Cuadernos Teorema
9 (RLIN) 180999
852 ## - LOCALIZACIÓN
Ubicación ES-MaACL
Número de control de estantería 2102-F-21
Sublocalización o colección R.98813
Holdings
Estatus retirado Estado de pérdida Estado de daño No para préstamo Colección Biblioteca de origen Biblioteca actual Ubicación en estantería Fecha de adquisición Fuente de adquisición Total de préstamos Signatura topográfica completa Código de barras Visto por última vez Precio de reemplazo Tipo de ítem Koha
        Colección de folletos Biblioteca del Ateneo de Madrid Biblioteca del Ateneo de Madrid Depósito folletos 17/01/2008     2102-F-21 1150916 23/02/2023 23/02/2023 Folleto